000 00705nam a2200289Ia 4500
005 20260324130626.0
008 008 260324s9999 xx 000 0 eng d
020 _a9780203932797
037 _aEBOOK
040 _aCRL
040 _beng
040 _cCRL
041 _2eng
041 _aeng
084 _qCRL
100 _aShirley Lawes; Norbert Pachler; Michael Evans
_91182481
245 0 _aModern Foreign Languages
245 0 _bTeaching School Subjects 11-19
260 _bTaylor and Francis
260 _c2007
365 _a
365 _b230
856 _uhttp://www.taylorfrancis.com/books/9780203932797
942 _cEBOOK
999 _c1778816
_d1778816